Directors of Best Picture Nominees - '90s - Statistics

General Stats
  • This quiz has been taken 65 times
  • The average score is 27 of 50
Answer Stats
Year Film Director % Correct
1999 Saving Private Ryan Steven Spielberg
98%
1994 Schindler's List Steven Spielberg
98%
1991 The Godfather Part III Francis Ford Coppola
97%
1998 Titanic James Cameron
95%
1995 Pulp Fiction Quentin Tarantino
95%
1991 Goodfellas Martin Scorsese
91%
1993 Unforgiven Clint Eastwood
90%
1996 Braveheart Mel Gibson
90%
1990 Born on the Fourth of July Oliver Stone
90%
1992 JFK Oliver Stone
90%
1997 Fargo Joel Coen
88%
1991 Dances with Wolves Kevin Costner
86%
1995 Forrest Gump Robert Zemeckis
86%
1999 Life Is Beautiful Roberto Benigni
79%
1994 The Piano Jane Campion
74%
1998 Good Will Hunting Gus Van Sant
72%
1996 Apollo 13 Ron Howard
72%
1997 The English Patient Anthony Minghella
71%
1992 The Silence of the Lambs Jonathan Demme
71%
1990 Dead Poets Society Peter Weir
67%
1995 The Shawshank Redemption Frank Darabont
62%
1999 The Thin Red Line Terrence Malick
62%
1996 Sense and Sensibility Ang Lee
59%
1995 Quiz Show Robert Redford
59%
1993 A Few Good Men Rob Reiner
53%
1994 The Remains of the Day James Ivory
50%
1993 Howards End James Ivory
50%
1997 Jerry Maguire Cameron Crowe
48%
1997 Secrets & Lies Mike Leigh
45%
1998 L.A. Confidential Curtis Hanson
41%
1994 In the Name of the Father Jim Sheridan
40%
1990 My Left Foot Jim Sheridan
40%
1998 As Good as It Gets James L. Brooks
38%
1999 Shakespeare in Love John Madden
38%
1992 The Prince of Tides Barbra Streisand
34%
1992 Bugsy Barry Levinson
31%
1993 Scent of a Woman Martin Brest
29%
1991 Awakenings Penny Marshall
26%
1993 The Crying Game Neil Jordan
22%
1995 Four Weddings and a Funeral Mike Newell
17%
1994 The Fugitive Andrew Davis
16%
1991 Ghost Jerry Zucker
16%
1996 Babe Chris Noonan
14%
1996 The Postman (Il Postino) Michael Radford
14%
1990 Driving Miss Daisy Bruce Beresford
12%
1997 Shine Scott Hicks
12%
1998 The Full Monty Peter Cattaneo
10%
1990 Field of Dreams Phil Alden Robinson
10%
1999 Elizabeth Shekhar Kapur
9%
1992 Beauty and the Beast Gary Trousdale / Kirk Wise
5%
No matching quizzes found
Score Distribution
Percent of People with Each Score
Percentile by Number Answered
Your Score History
You have not taken this quiz